000 01131 a2200193 4500
003 NUST
005 20230126183022.0
010 _a34028456
040 _cNust
082 _a900,TOM
100 _aTomlinson, Henry Major
_9107826
245 _aSouth to Cadiz /
_cH. M. Tomlinson,
260 _a Harper & brothers
_bNew York and London
_c1934
300 _avii, 195, p.;
_b23 cm
505 _aSpring Song (Page-1), Cloud Over Tarsish (Page-5), Victoria to Amiens (Page-9), Wagon-Lit (Page-13), A Glimpse of Waste Land (Page-16), The Spanish Legend (Page-32), Café of the Revolutionists (Page-44), Morning in Madrid (Page-57), Bus to Toledo (Page-64), El Greco (Page-79), Mirage form the Escorial (Page-87), La Mancha (Page-98), Devotions at Ubeda (Page-107), Cordova (Page-114), Outlook on Sierra Morena (Page-124), A Spanish Road (Page-132), Seville (Page-139),The Cathedral (Page-150), Sherry (Page-159), Cadiz (Page-167), Malaga (Page-185), Cloudland (Page-194), The Alhambra (Page-198), hotel Balcony (Page-203).
600 _aTomlinson, Henry Major
_9107826
650 _aSouth to Cadiz
_9107827
942 _2ddc
_cBK
_k900,TOM
999 _c186171
_d186171